Climates in miniature ; a study of micro-climate and environment.

Bibliographic Details
Main Author: Franklin, T. Bedford (Thomas Bedford)
Format: Book
Language:English
Published: New York : Philosophical Library, [1955]
Subjects:

MARC

Tag First Indicator Second Indicator Subfields
LEADER 00000cam a2200000 4500
001 in00000045785
005 20151007075254.0
008 730206s1955 nyua 00000 eng u
010 |a  55003537  
020 |a 0837155916 
035 |a (OCoLC)00552711 
035 |9 AAF2930AM 
040 |c KSU  |d TXA  |d UtOrBLW 
049 |a TXAM  |c [261379] 
050 1 0 |a QC982 
082 0 |a 551.6/6 
090 |a QC982  |b F73 1955 
092 |a 551.5  |b F834c 
100 1 |a Franklin, T. Bedford  |q (Thomas Bedford) 
245 1 0 |a Climates in miniature ;  |b a study of micro-climate and environment. 
264 1 |a New York :  |b Philosophical Library,  |c [1955] 
300 |a 137 pages :  |b illustrations ;  |c 23 cm. 
336 |a text  |b txt  |2 rdacontent 
337 |a unmediated  |b n  |2 rdamedia 
338 |a volume  |b nc  |2 rdacarrier 
650 0 |a Microclimatology. 
999 |a MARS 
999 f f |s 1fa49651-8602-3ca0-ac3c-ebfb3450861f  |i 8c3727c9-de6d-38bd-af70-acbdefe8e2f0  |t 0 
952 f f |p ric  |a Texas A&M University  |b Rellis Campus  |c Joint Library Facility  |d Remote Storage  |t 0  |e QC982 F73 1955  |h Library of Congress classification  |i unmediated -- volume  |m A14800953446 
998 f f |a QC982 F73 1955  |t 0  |l Remote Storage